Countries with the most English speakers - Statistics

General Stats
  • This quiz has been taken 66 times
  • The average score is 15 of 20
Answer Stats
English Speakers % of Pop. Country % Correct
62,912,000 98.30% United Kingdom
97%
297,400,000 95.29% United States
97%
30,480,750 83.06% Canada
95%
21,715,910 92.8% Australia
93%
228,539,090 15.76% India
93%
125,039,680 60.64% Nigeria
86%
45,400,000 56.33% Germany
80%
38,643,750 57.25% France
78%
109,044,691 48.91% Pakistan
78%
85,968,611 30.8% Indonesia
76%
44,373,802 39.98% Egypt
68%
41,332,711 18.83% Kenya
68%
70,117,935 63.74% Philippines
68%
19,838,772 12% Bangladesh
66%
43,921,129 93.7% Sudan
58%
17,121,187 27.16% Thailand
58%
18,000,000 66.67% Ghana
54%
18,890,000 49.06% Poland
53%
19,800,000 45% Uganda
51%
17,016,000 51% Ukraine
41%
No matching quizzes found
Score Distribution
Percent of People with Each Score
Percentile by Number Answered
Your Score History
You have not taken this quiz